00784nam a22001577a 4500003000900000005001700009008004100026040001300067100003800080245006200118250001100180260002000191300001800211490005800229520033900287IT-RoPau20220918181105.0130515b xxu||||| |||| 00| 0 eng d cIT-RoPau aCentro di Promozione e Formazione aLe comunità paoline nell'attività apostolica di Paolo a1° ed aRomabSSPc1984 a23 pp.c30 cm aIl Religioso paolino nella sua comunitàv11° Vol. aIndice Presentazione Introduzione Le comunità Allevate da Paolo a. La Comunità di Tessalonica b. La Comunità di Corinto c. Le Comunità della Galazia d. La Comunità Romana e. La Comunità di Filippi La Tecnica Fondazionale Paolina Bilancio dell'Esperienza Comunitaria Paolina Ricerca Comunitaria Note Sussidi bibliografici